[Event "South America-ch"]
[Site "Lima"]
[Date "2023.09.22"]
[Round "9"]
[White "Caceres Sandoval, Eduardo"]
[Black "Ortiz Menacho, Sebastian Alonso"]
[Result "0-1"]
[WhiteElo "1821"]
[BlackElo "1370"]
[PlyCount "150"]
[EventDate "2023.09.14"]
[EventType "swiss"]
[EventRounds "9"]
[EventCountry "PER"]
[SourceTitle "CBM 216 Extra"]
[Source "ChessBase"]
[SourceDate "2023.11.30"]
[SourceVersion "1"]
[SourceVersionDate "2023.11.30"]
[SourceQuality "1"]

1. e4 c5 2. Nf3 Nc6 3. d4 cxd4 4. Nxd4 g6 5. c4 Bg7 6. Be3 Nf6 7. Nc3 0-0 8. Be2 d6 9. f3 Bd7 10. Qd2 Rc8 11. 0-0 a6 12. Rac1 Qc7 13. Nd5 Qd8 14. Nxc6 Rxc6 15. Rfd1 Nxd5 16. exd5 Rc8 17. Qb4 a5 18. Qb3 Ra8 19. Re1 a4 20. Qb4 Qa5 21. Qxb7 Bf5 22. Qb5 Rfb8 23. Qxa5 Rxa5 24. g4 Bxb2 25. gxf5 Bxc1 26. Bxc1 a3 27. Bd3 Ra7 28. fxg6 hxg6 29. Be3 Rc7 30. Bd4 f5 31. h4 Kf7 32. Kf2 Rb4 33. h5 gxh5 34. Bxf5 Rcxc4 35. Be6+ Ke8 36. Rg1 Kd8 37. Bb6+ Rxb6 38. Rg8+ Kc7 39. Rc8+ Kb7 40. Rxc4 Rb2+ 41. Ke3 Rxa2 42. Ra4 Kb6 43. Kd4 Ra1 44. Kc3 Rf1 45. f4 Rf3+ 46. Kc2 h4 47. Ra8 h3 48. Rb8+ Kc5 49. Rb1 Kc4 50. Kd2 a2 51. Rc1+ Kb3 52. Bg4 Rf2+ 53. Ke3 Rb2 54. Bf5 h2 55. Be4 Kb4 56. Ra1 Ka3 57. f5 Rb1 58. Bxb1 h1Q 59. Rxa2+ Kb4 60. Be4 Qh6+ 61. Kf3 Kc3 62. Ra3+ Kd4 63. Rd3+ Ke5 64. Re3 Qf4+ 65. Ke2 Qxe4 66. f6 Qxe3+ 67. Kxe3 exf6 68. Kf3 Kxd5 69. Ke3 Kc4 70. Kd2 Kd4 71. Ke2 Kc3 72. Ke1 d5 73. Ke2 d4 74. Ke1 d3 75. Kd1 d2 0-1